000 00282nam a22001217a 4500
008 170830b xxu||||| |||| 00| 0 eng d
041 _aeng
080 _a070
100 _a39
101 _aMED
245 _aFOUNDATION OF BEHAVIORAL RESEARCH
_c KERLINGER.F.N
942 _2udc
_cBK
999 _c25493
_d25493